000 00581nam a2200181 i 4500
001 70922
003 ES-MaACL
005 20230906170952.0
007 t|
008 040804s1960 sp ||||1| spa d
100 1 _aGartmann, Heinz.
_955795
245 1 0 _aPara que el mundo no se detenga /
_cHeinz Gartmann ; [versión española de Mariano Orta Manzano].
250 _a[1ª ed.].
260 _aBarcelona :
_bLuis de Caralt,
_c[1960] (
_fDuplex)
300 _a466 p., 16 lám. :
_bil. ;
_c22 cm.
700 1 _aOrta Manzano, Mariano.
_987384
852 _aES-MaACL
_jC-18864
_bR.46849
999 _c70922
_d70922